Základy auditů kvality : Pokyny pro certifikace podle VDA 6.1, VDA 6.2 a VDA 6.4 na základě ISO 9001
Salvato in:
| Natura: | Libro |
|---|---|
| Lingua: | ceco |
| Pubblicazione: |
Praha :
Česká společnost pro jakost,
2009
|
| Edizione: | 5. přepr. vyd. |
| Serie: | Management jakosti v automobilovém průmyslu
6 |
| Soggetti: | |
| Tags: |
Nessun Tag, puoi essere il primo ad aggiungerne!!
|
MARC
| LEADER | 00000nam a22000003a 4500 | ||
|---|---|---|---|
| 001 | stu264625 | ||
| 005 | 20150408183031.8 | ||
| 008 | 130320s2009----xr------------------cze-d | ||
| 020 | |a 978-80-02-02163-6 | ||
| 040 | |a STU |b slo | ||
| 041 | 0 | |a cze | |
| 044 | |a xr | ||
| 080 | |a 658.56 | ||
| 245 | |a Základy auditů kvality : |b Pokyny pro certifikace podle VDA 6.1, VDA 6.2 a VDA 6.4 na základě ISO 9001 | ||
| 250 | |a 5. přepr. vyd. | ||
| 260 | |a Praha : |b Česká společnost pro jakost, |c 2009 | ||
| 300 | |a 50 s | ||
| 650 | 7 | |a kvalita |2 stusub | |
| 650 | 7 | |a automobilový priemysel |2 stusub | |
| 650 | 7 | |a manažment kvality |2 stusub | |
| 830 | 0 | |a Management jakosti v automobilovém průmyslu |v 6 | |
| 996 | |b 284M084981 |c M*B-678 |l MMKN |s A |a 24 |w stu264625_0001 | ||